MARC

LEADER 00000nam0a2200000 4500
001 673997
005 20240808125510.0
090 |a 673997 
100 |a 20240808d1979 km|y0rusy50 ca 
101 0 |a rus 
102 |a RU 
105 |a a z 001yy 
181 0 |a i   |b  e  
182 0 |a n 
183 0 |a nc  |2 RDAcarrier 
200 1 |a Основы дистанционных методов измерения влагозапасов в снеге и влажности почв по гамма-излучению Земли  |f А. В. Дмитриев, Ш. Д. Фридман  |g Институт прикладной геофизики 
203 |a Текст  |b визуальный  |c непосредственный 
210 |a Ленинград  |c Гидрометеоиздат  |d 1979 
215 |a 304 с.  |c ил. 
283 |a volume  |2 RDAcarrier 
320 |a Список литературы: с. 297-301 
606 1 |a Снег  |x (метеорология)  |9 73412 
606 1 |a Почвы  |x Водный режим  |9 69627 
610 1 |a природные среды 
610 1 |a гамма-излучение 
610 1 |a естественные радиоактивные элементы 
610 1 |a искусственные радиоактивные элементы 
610 1 |a влагозапасы 
610 1 |a снежный покров 
610 1 |a дистанционные методы 
610 1 |a гамма-кванты 
610 1 |a приземные слои атмосферы 
610 1 |a влажность 
610 1 |a запсы 
610 1 |a вода 
610 1 |a самолетная гамма-съемка 
610 1 |a спектральный состав 
610 1 |a радиоактивность 
610 1 |a приземные слои атмосферы 
610 1 |a гамма-поле 
675 |a 551.578.4  |v 4 
675 |a 631.4  |v 4 
700 1 |a Дмитриев  |b А. В.  |g Алексей Викторович 
701 1 |a Фридман  |b Ш. В.  |g Шепа Давидович 
712 0 2 |a Институт прикладной геофизики  |c (Москва)  |4 570  |9 24396 
801 0 |a RU  |b 63413507  |c 20240808 
830 |a Ретро2024Каталогизация Кузнецова 
850 |a 63413507 
942 |c BK